[Event "BPB Limburg open C"]
[Site "Maastricht"]
[Date "2014.06.09"]
[Round "7"]
[White "Katranov, Lev"]
[Black "Kumpen, Kurt"]
[Result "1-0"]
[WhiteElo "1429"]
[BlackElo "1392"]
[PlyCount "75"]
[EventDate "2014.06.06"]
[EventType "swiss"]
[EventRounds "7"]
[EventCountry "NED"]
[Source "P.Boonen"]
[SourceDate "2014.10.10"]

1. e4 e6 2. d4 d5 3. Nc3 Nf6 4. e5 Nfd7 5. f4 c5 6. Nf3 Nc6 7. Be3 a6 8. Qd2 b5
9. Be2 Qc7 10. O-O cxd4 11. Nxd4 Nxd4 12. Bxd4 Bc5 13. a3 Qb6 14. Bxc5 Qxc5+
15. Kh1 Bb7 16. Rad1 Nb6 17. Qd4 Qxd4 18. Rxd4 O-O 19. Rdd1 Rac8 20. Bd3 Nc4
21. Bxc4 Rxc4 22. Rd2 Rd8 23. Ne2 a5 24. Nd4 Ba6 25. Ra1 Rb8 26. h3 Rb6 27. c3
Kf8 28. g3 Ke7 29. Nb3 b4 30. Nxa5 Re4 31. axb4 f6 32. exf6+ gxf6 33. Nb3 Re3
34. Kg2 Kd6 35. Kf2 Rd3 36. Rxd3 Bxd3 37. Nc5 e5 38. fxe5+ 1-0

[Event "BPB Limburg open C"]
[Site "Maastricht"]
[Date "2014.06.09"]
[Round "7"]
[White "Keetman, Sandra"]
[Black "Heinen, Dai"]
[Result "1-0"]
[WhiteElo "1641"]
[BlackElo "1603"]
[PlyCount "39"]
[EventDate "2014.06.06"]
[EventType "swiss"]
[EventRounds "7"]
[EventCountry "NED"]
[Source "P.Boonen"]
[SourceDate "2014.10.10"]

1. d4 d5 2. Bf4 Nf6 3. e3 e6 4. Bd3 c5 5. c3 Nc6 6. Nf3 cxd4 7. exd4 Bd6 8. Bg3
Ne7 9. Nbd2 Ng6 10. Qc2 a6 11. O-O-O Ng4 12. Nb3 Bxg3 13. hxg3 Nxf2 14. Qxf2
Qf6 15. Qd2 O-O 16. Rdf1 Qe7 17. Ne5 Bd7 18. Ng4 Rae8 19. Nf6+ gxf6 20. Qh6 1-0

[Event "BPB Limburg open C"]
[Site "Maastricht"]
[Date "2014.06.09"]
[Round "7"]
[White "Koppens, Gertie"]
[Black "Van Stiphout, Sophie"]
[Result "0-1"]
[WhiteElo "1265"]
[BlackElo "1086"]
[PlyCount "66"]
[EventDate "2014.06.06"]
[EventType "swiss"]
[EventRounds "7"]
[EventCountry "NED"]
[Source "P.Boonen"]
[SourceDate "2014.10.10"]

1. e4 e5 2. Nf3 d6 3. d3 f5 4. Nc3 Nf6 5. Be2 Be7 6. Bg5 O-O 7. Qd2 f4 8. O-O-O
Be6 9. d4 Ng4 10. Bxe7 Qxe7 11. Rhf1 Nd7 12. d5 Bf7 13. h3 Ngf6 14. Nh4 g6 15.
Rg1 Nc5 16. g3 Nfxe4 17. Nxe4 Nxe4 18. Qe1 Ng5 19. gxf4 Nxh3 20. Nf5 Qf6 21.
Nh6+ Kg7 22. Rh1 Qxf4+ 23. Qd2 Qxd2+ 24. Rxd2 Nxf2 25. Rh2 Ne4 26. Rd1 Nf6 27.
Rdh1 Bxd5 28. Rg1 Ne4 29. Bd3 Rf2 30. Rxf2 Nxf2 31. Nf5+ Kh8 32. Ne3 Nxd3+ 33.
cxd3 Bxa2 0-1

[Event "BPB Limburg open C"]
[Site "Maastricht"]
[Date "2014.06.09"]
[Round "7"]
[White "Krug, Franz Dieter"]
[Black "Vossen, Patrick"]
[Result "1/2-1/2"]
[WhiteElo "1596"]
[BlackElo "1500"]
[PlyCount "84"]
[EventDate "2014.06.06"]
[EventType "swiss"]
[EventRounds "7"]
[EventCountry "NED"]
[Source "P.Boonen"]
[SourceDate "2014.10.10"]

1. d4 d5 2. c4 c6 3. Nc3 e6 4. cxd5 exd5 5. Nf3 Bd6 6. Bg5 Nf6 7. e4 dxe4 8.
Bxf6 Qxf6 9. Nxe4 Bb4+ 10. Nc3 O-O 11. Be2 Bg4 12. O-O Re8 13. a3 Ba5 14. h3
Bh5 15. g4 Bg6 16. Ne5 Bc7 17. f4 h6 18. f5 Bh7 19. Ne4 Qd8 20. Nc5 Bxe5 21.
dxe5 Qb6 22. b4 Rd8 23. Qc2 Nd7 24. Qc3 Nxc5 25. bxc5 Qc7 26. Rad1 Qe7 27. Rd6
Rd7 28. Rfd1 Rad8 29. Bc4 Kf8 30. Qb3 h5 31. Bxf7 Bxf5 32. gxf5 Rxd6 33. Rxd6
Qg5+ 34. Kh2 Rxd6 35. cxd6 Qxf5 36. e6 Qf4+ 37. Qg3 Qd2+ 38. Kg1 Qd1+ 39. Kf2
Qd2+ 40. Kf3 Qd1+ 41. Ke4 Qd5+ 42. Ke3 Qc5+ 1/2-1/2

[Event "BPB Limburg open C"]
[Site "Maastricht"]
[Date "2014.06.09"]
[Round "7"]
[White "Kumpen, Jona"]
[Black "Brunner, Karg"]
[Result "0-1"]
[WhiteElo "1532"]
[BlackElo "1683"]
[PlyCount "62"]
[EventDate "2014.06.06"]
[EventType "swiss"]
[EventRounds "7"]
[EventCountry "NED"]
[Source "P.Boonen"]
[SourceDate "2014.10.10"]

1. d4 f5 2. Nf3 g6 3. Nc3 Nf6 4. Bg5 Bg7 5. e3 d5 6. Bxf6 Bxf6 7. Be2 c6 8. Na4
Nd7 9. c4 e6 10. Nc3 O-O 11. Rc1 Qe7 12. a3 g5 13. b4 Rf7 14. Qb3 g4 15. Nd2 h5
16. b5 f4 17. bxc6 bxc6 18. cxd5 cxd5 19. Na4 Rb8 20. Qd3 fxe3 21. fxe3 Bg5 22.
Nf1 Qf6 23. Kd1 e5 24. dxe5 Qxe5 25. Qg6+ Rg7 26. Qd3 Nf6 27. Nc3 Bf5 28. Qa6
d4 29. Bc4+ Kh8 30. Ne2 dxe3 31. Ke1 Bc8 0-1

[Event "BPB Limburg open C"]
[Site "Maastricht"]
[Date "2014.06.09"]
[Round "7"]
[White "Lammes, Pim"]
[Black "Vandevelde, Luc"]
[Result "1-0"]
[WhiteElo "1636"]
[BlackElo "1534"]
[PlyCount "65"]
[EventDate "2014.06.06"]
[EventType "swiss"]
[EventRounds "7"]
[EventCountry "NED"]
[Source "P.Boonen"]
[SourceDate "2014.10.10"]

1. e4 d6 2. d4 Nf6 3. Bd3 e5 4. d5 Nbd7 5. Be3 g6 6. Ne2 Bg7 7. O-O O-O 8. Ng3
h6 9. h3 Nh7 10. Qd2 g5 11. c4 f6 12. Nc3 Rf7 13. Be2 Bh8 14. Bh5 Ndf8 15.
Bxf7+ Kxf7 16. b4 Ng6 17. Nf5 Bxf5 18. exf5 Nf4 19. Kh2 Ke7 20. Qd1 Qe8 21. Nb5
Qh5 22. Qxh5 Nxh5 23. Nxa7 Nf4 24. Bxf4 Rxa7 25. Be3 Ra3 26. Rfb1 Nf8 27. Rb3
Ra4 28. a3 Ng6 29. fxg6 f5 30. Re1 f4 31. Bd2 Kf6 32. f3 Kxg6 33. c5 1-0

[Event "BPB Limburg open C"]
[Site "Maastricht"]
[Date "2014.06.09"]
[Round "7"]
[White "Laureys, Jo"]
[Black "Muntean, Victor"]
[Result "0-1"]
[WhiteElo "1264"]
[BlackElo "1138"]
[PlyCount "54"]
[EventDate "2014.06.06"]
[EventType "swiss"]
[EventRounds "7"]
[EventCountry "NED"]
[Source "P.Boonen"]
[SourceDate "2014.10.10"]

1. d4 d5 2. Nf3 Nc6 3. Bf4 e6 4. e3 Bd6 5. Bxd6 cxd6 6. Bd3 e5 7. Bb5 Bg4 8. h3
Bxf3 9. Qxf3 e4 10. Qg4 g6 11. Nc3 Nf6 12. Qe2 O-O 13. O-O-O a6 14. Ba4 b5 15.
Bb3 Qb6 16. Nxd5 Nxd5 17. Bxd5 Rfe8 18. Rhf1 Rac8 19. f3 exf3 20. Rxf3 Re7 21.
Kb1 Nxd4 22. Qf2 Nxf3 23. Qxf3 Qxe3 24. Qf6 Qe2 25. Rc1 Qxc2+ 26. Rxc2 Re1+ 27.
Rc1 Rcxc1# 0-1

[Event "BPB Limburg open C"]
[Site "Maastricht"]
[Date "2014.06.09"]
[Round "7"]
[White "Lennartz, Tim"]
[Black "Stiefel, Marika"]
[Result "1-0"]
[WhiteElo "1087"]
[BlackElo "1621"]
[PlyCount "61"]
[EventDate "2014.06.06"]
[EventType "swiss"]
[EventRounds "7"]
[EventCountry "NED"]
[Source "P.Boonen"]
[SourceDate "2014.10.10"]

1. e4 c5 2. c3 Nf6 3. d3 Nc6 4. Be3 e6 5. d4 Qb6 6. Qd2 Nxe4 7. dxc5 Bxc5 8.
Bxc5 Qxc5 9. Qf4 Nf6 10. Na3 a6 11. Nc4 O-O 12. Nf3 b5 13. b4 Qe7 14. Ne3 Bb7
15. Bd3 e5 16. Qg3 e4 17. Nf5 exd3+ 18. Nxe7+ Nxe7 19. O-O Rac8 20. Rae1 Ned5
21. Rc1 Nxc3 22. Nd4 Nfe4 23. Qxd3 Bd5 24. Rfe1 Bc4 25. Qe3 Rfe8 26. Rxc3 Nf6
27. Qc1 Rf8 28. a4 Nd5 29. Rg3 Nxb4 30. Qh6 g6 31. Nf5 1-0

[Event "BPB Limburg open C"]
[Site "Maastricht"]
[Date "2014.06.09"]
[Round "7"]
[White "Loutragotis, Dimitri"]
[Black "Uiterwijk, Jos"]
[Result "1-0"]
[WhiteElo "1340"]
[BlackElo "1606"]
[PlyCount "49"]
[EventDate "2014.06.06"]
[EventType "swiss"]
[EventRounds "7"]
[EventCountry "NED"]
[Source "P.Boonen"]
[SourceDate "2014.10.10"]

1. e4 c5 2. Nf3 d6 3. d4 cxd4 4. Nxd4 Nf6 5. Nc3 a6 6. Be3 g6 7. f3 Bg7 8. g4
Nc6 9. h4 Bd7 10. h5 h6 11. hxg6 fxg6 12. Qd2 g5 13. Nxc6 Bxc6 14. Bc4 Qc7 15.
Qd3 Rf8 16. e5 Nxg4 17. Qg6+ Kd8 18. Qxg7 Rxf3 19. O-O-O Rxe3 20. Qf8+ Be8 21.
exd6 exd6 22. Rxd6+ Kc8 23. Nd5 Qf7 24. Nb6+ Kb8 25. Bxf7 1-0

[Event "BPB Limburg open C"]
[Site "Maastricht"]
[Date "2014.06.09"]
[Round "7"]
[White "Loutragotis, Paraske"]
[Black "Lennartz, Ludwig"]
[Result "0-1"]
[WhiteElo "1570"]
[BlackElo "1511"]
[PlyCount "84"]
[EventDate "2014.06.06"]
[EventType "swiss"]
[EventRounds "7"]
[EventCountry "NED"]
[Source "P.Boonen"]
[SourceDate "2014.10.10"]

1. d4 Nf6 2. c4 g6 3. Nc3 Bg7 4. e4 d6 5. Nf3 O-O 6. Be2 e5 7. O-O Nc6 8. d5
Ne7 9. b4 Ne8 10. Ba3 a6 11. c5 f5 12. Nd2 f4 13. Nc4 Rf6 14. Rc1 g5 15. cxd6
cxd6 16. Na4 b5 17. Ncb6 Rb8 18. Nxc8 Rxc8 19. Nc3 Rg6 20. Bh5 Rh6 21. Bg4 Rc4
22. Qd3 Nf6 23. Be6+ Kh8 24. Nb1 Rd4 25. Qb3 g4 26. Rc2 g3 27. fxg3 Qb6 28. Rc5
Nxe4 29. Rfc1 dxc5 30. bxc5 Qa5 31. d6 Nc6 32. Bd5 fxg3 33. Bxe4 Rxe4 34. Nc3
gxh2+ 35. Kh1 Rc4 36. Bb2 Qd8 37. Nd5 Nd4 38. Qd1 Rxc1 39. Qxc1 Qh4 40. Bxd4
Qxd4 41. c6 Qg1+ 42. Qxg1 hxg1=Q+ 0-1

[Event "BPB Limburg open C"]
[Site "Maastricht"]
[Date "2014.06.09"]
[Round "7"]
[White "Mertens, Yannick"]
[Black "Schrijvers, Kees"]
[Result "1-0"]
[WhiteElo "1711"]
[BlackElo "1497"]
[PlyCount "127"]
[EventDate "2014.06.06"]
[EventType "swiss"]
[EventRounds "7"]
[EventCountry "NED"]
[Source "P.Boonen"]
[SourceDate "2014.10.10"]

1. Nf3 d6 2. g3 e5 3. d3 c6 4. Bg2 Nf6 5. e4 Be7 6. O-O O-O 7. Nbd2 Bg4 8. h3
Bd7 9. Nh2 Qc8 10. g4 g6 11. Nc4 b5 12. Ne3 c5 13. Nd5 Nxd5 14. exd5 f5 15. f4
Bf6 16. g5 Bg7 17. c3 Na6 18. Rb1 Rb8 19. h4 c4 20. fxe5 Bxe5 21. d4 Bg7 22.
Bf4 Qc7 23. a3 Rbe8 24. Qf3 Re4 25. Qg3 Rxf4 26. Qxf4 Be8 27. Rbe1 Bf7 28. Re2
Re8 29. Rxe8+ Bxe8 30. Re1 Bf7 31. Qe3 Bf8 32. Nf1 Qd7 33. Qf4 Nc7 34. Ne3 Qe7
35. Kf1 Qd7 36. Re2 a6 37. Qf3 Bg7 38. Bh3 Qd8 39. Bg2 Qd7 40. Qf2 Bf8 41. Bf3
Bg7 42. Qg2 Bf8 43. Nd1 Bg7 44. Nf2 a5 45. Nh3 Na6 46. Nf4 b4 47. Ne6 bxc3 48.
bxc3 Qa4 49. Ra2 Qb3 50. Qc2 Bxe6 51. dxe6 Kf8 52. Bd5 Ke7 53. Qxb3 cxb3 54.
Bxb3 Nc7 55. a4 d5 56. Re2 Bf8 57. c4 dxc4 58. Bxc4 Kd6 59. d5 Be7 60. Rd2 Ne8
61. Rb2 Ng7 62. Rb6+ Kc7 63. Rc6+ Kd8 64. d6 1-0

[Event "BPB Limburg open C"]
[Site "Maastricht"]
[Date "2014.06.09"]
[Round "7"]
[White "Muntean, Adrian"]
[Black "Jedamczik, Kai"]
[Result "1-0"]
[WhiteElo "1000"]
[BlackElo "1492"]
[PlyCount "134"]
[EventDate "2014.06.06"]
[EventType "swiss"]
[EventRounds "7"]
[EventCountry "NED"]
[Source "P.Boonen"]
[SourceDate "2014.10.10"]

1. e4 d5 2. exd5 Qxd5 3. Nc3 Qe6+ 4. Qe2 Qxe2+ 5. Bxe2 Nc6 6. Nf3 Nb4 7. Bd3
Nxd3+ 8. cxd3 c6 9. O-O Nf6 10. b3 Bf5 11. Ne5 Rd8 12. Ba3 Bxd3 13. Nxd3 Rxd3
14. Bc5 a6 15. Rad1 Nd7 16. Ba3 e5 17. Bb2 f5 18. f4 Bc5+ 19. Kh1 e4 20. Na4
O-O 21. Nxc5 Nxc5 22. Ba3 b6 23. Rfe1 Rfd8 24. Bb4 Ne6 25. g3 c5 26. Bc3 b5 27.
b4 c4 28. a4 g5 29. axb5 axb5 30. fxg5 Nxg5 31. Bf6 Nf3 32. Rf1 R8d6 33. Bc3
Rh6 34. Rf2 Rg6 35. Ra1 h5 36. Ra8+ Kf7 37. Ra7+ Ke8 38. Ra8+ Rd8 39. Rxd8+
Kxd8 40. Kg2 Kd7 41. Rf1 h4 42. Ra1 hxg3 43. hxg3 f4 44. Ra7+ Kc8 45. Rg7 Rxg7
46. Bxg7 fxg3 47. Bc3 Kd7 48. Kxg3 Ke6 49. Kf4 Kd5 50. Ke3 Ne1 51. Ke2 Nc2 52.
Kd1 Nd4 53. Ke1 Nf3+ 54. Ke2 Ke6 55. Ke3 Kf5 56. Bg7 Ne1 57. Ke2 Nc2 58. Bc3
Kf4 59. Kd1 e3 60. Kxc2 e2 61. d3 cxd3+ 62. Kxd3 Kf3 63. Kd4 Kf4 64. Kc5 Ke4
65. Kxb5 Kd3 66. Be1 Kd4 67. Kc6 Kc4 1-0

[Event "BPB Limburg open C"]
[Site "Maastricht"]
[Date "2014.06.09"]
[Round "7"]
[White "Nissel, Andreas"]
[Black "Roemhild, Wolfgang"]
[Result "0-1"]
[WhiteElo "1737"]
[BlackElo "1743"]
[PlyCount "132"]
[EventDate "2014.06.06"]
[EventType "swiss"]
[EventRounds "7"]
[EventCountry "NED"]
[Source "P.Boonen"]
[SourceDate "2014.10.10"]

1. d4 Nf6 2. Nf3 d5 3. e3 c6 4. Bd3 g6 5. O-O Bg7 6. Nbd2 O-O 7. c3 Ne8 8. e4
dxe4 9. Nxe4 Nd6 10. Bf4 Re8 11. Re1 Bg4 12. h3 Bxf3 13. Qxf3 Na6 14. Re2 Nc7
15. Rae1 Nxe4 16. Rxe4 Nd5 17. Bd2 e6 18. c4 Ne7 19. Bc3 Qd7 20. g4 Rad8 21.
Bc2 Nc8 22. b3 f5 23. gxf5 exf5 24. Rxe8+ Rxe8 25. Rxe8+ Qxe8 26. d5 Bxc3 27.
Qxc3 cxd5 28. cxd5 Nd6 29. Qc7 Qe5 30. Qd8+ Kg7 31. Qa5 Qf4 32. Qc3+ Kf7 33.
Bd3 Qg5+ 34. Kf1 Qf6 35. Qe1 Ne8 36. Bc4 Qd6 37. a4 Nc7 38. Qa5 Ke7 39. Qxa7
Qb4 40. Qd4 Kd6 41. Qf6+ Kd7 42. Qg7+ Qe7 43. Qd4 Qd6 44. f4 Qa3 45. Qg7+ Qe7
46. Qe5 Qh4 47. Kg2 Qe7 48. Kg3 Qc5 49. Kg2 Qe7 50. Kf3 Qh4 51. Kg2 Qe7 52. Qd4
Qd6 53. Qd2 h6 54. Qd4 g5 55. Qg7+ Qe7 56. Qe5 gxf4 57. Qxf5+ Kd8 58. Qxf4 Qg7+
59. Kf3 Qc3+ 60. Ke4 Qxh3 61. Qf6+ Kd7 62. Kd4 Qg4+ 63. Kc5 Qg1+ 64. Kb4 Qe1+
65. Kc5 Qe3+ 66. Qd4 b6+ 0-1

[Event "BPB Limburg open C"]
[Site "Maastricht"]
[Date "2014.06.09"]
[Round "7"]
[White "Oosterlinck, Freddy"]
[Black "Ten Have, Dimitri"]
[Result "1/2-1/2"]
[WhiteElo "1000"]
[BlackElo "1041"]
[PlyCount "73"]
[EventDate "2014.06.06"]
[EventType "swiss"]
[EventRounds "7"]
[EventCountry "NED"]
[Source "P.Boonen"]
[SourceDate "2014.10.10"]

1. e4 e5 2. Nf3 Nc6 3. Nc3 Bc5 4. Bc4 Nf6 5. d3 O-O 6. O-O Na5 7. Nxe5 d6 8.
Nf3 Nxc4 9. dxc4 Be6 10. b3 c6 11. Bg5 h6 12. Bf4 Qa5 13. Bd2 Bb4 14. Nb1 Nxe4
15. Bxb4 Qxb4 16. Nbd2 d5 17. cxd5 cxd5 18. c4 Nxd2 19. Nxd2 dxc4 20. Nxc4 Bxc4
21. bxc4 Qxc4 22. Qd7 b5 23. Rfc1 Qe2 24. g3 Rfd8 25. Qc7 Rd2 26. Qf4 Re8 27.
Re1 Qxe1+ 28. Rxe1 Rxe1+ 29. Kg2 Rxa2 30. Qb8+ Kh7 31. Qxb5 Ree2 32. Qf5+ Kg8
33. Qc8+ Kh7 34. Qf5+ Kh8 35. Qc8+ Kh7 36. Qf5+ g6 37. Qxf7+ 1/2-1/2

[Event "BPB Limburg open C"]
[Site "Maastricht"]
[Date "2014.06.09"]
[Round "7"]
[White "Oxener, Aldo"]
[Black "Katranova, Alicia"]
[Result "1/2-1/2"]
[WhiteElo "1506"]
[BlackElo "1289"]
[PlyCount "62"]
[EventDate "2014.06.06"]
[EventType "swiss"]
[EventRounds "7"]
[EventCountry "NED"]
[Source "P.Boonen"]
[SourceDate "2014.10.10"]

1. d4 d5 2. Nf3 e6 3. e3 Nf6 4. Nbd2 c5 5. b3 Nc6 6. Bb2 Bd6 7. Bd3 O-O 8. a3
Qc7 9. dxc5 Bxc5 10. Bxf6 gxf6 11. Nd4 f5 12. Nxc6 Qxc6 13. Qh5 Qd7 14. g4 Re8
15. gxf5 exf5 16. Qh6 Re6 17. Qf4 Rg6 18. Nf3 Qe6 19. Nd4 Bxd4 20. Qxd4 Rg4 21.
Qb2 d4 22. O-O-O Qb6 23. Be2 Rg2 24. Rxd4 Rxf2 25. Rg1+ Kf8 26. Bc4 Be6 27.
Bxe6 Qxe6 28. Rd3 Rc8 29. Qg7+ Ke8 30. Qg8+ Ke7 31. Qg5+ Ke8 1/2-1/2

[Event "BPB Limburg open C"]
[Site "Maastricht"]
[Date "2014.06.09"]
[Round "7"]
[White "Petry, Richard"]
[Black "Mestrom, Sterre"]
[Result "0-1"]
[WhiteElo "1151"]
[BlackElo "1201"]
[PlyCount "102"]
[EventDate "2014.06.06"]
[EventType "swiss"]
[EventRounds "7"]
[EventCountry "NED"]
[Source "P.Boonen"]
[SourceDate "2014.10.10"]

1. e4 d6 2. Nc3 c5 3. Nf3 Nc6 4. Bc4 e6 5. O-O g6 6. Be2 Bg7 7. Nb5 a6 8. Na3
Nf6 9. d3 O-O 10. Bg5 e5 11. Qc1 b5 12. Bh6 Bg4 13. h3 Bxf3 14. Bxf3 Nd4 15.
Bd1 Rc8 16. Bxg7 Kxg7 17. c3 Ne6 18. g3 c4 19. dxc4 bxc4 20. Qc2 Ng5 21. Bg4
Rc6 22. Rae1 Nxg4 23. hxg4 Nf3+ 24. Kg2 Nxe1+ 25. Rxe1 Qg5 26. f3 Rd8 27. Re2
d5 28. exd5 Rxd5 29. Kf2 h5 30. Qe4 Rdc5 31. Nc2 hxg4 32. fxg4 Rf6+ 33. Kg2 Qc1
34. Ne3 Rb5 35. Qxc4 Rxb2 36. Rxb2 Qxb2+ 37. Kh3 Rf2 38. g5 Rh2+ 39. Kg4 Qf2
40. Qe4 Qe2+ 41. Qf3 Qxf3+ 42. Kxf3 Rxa2 43. Ke4 Ra3 44. Nd5 a5 45. Kxe5 a4 46.
c4 Rb3 47. c5 a3 48. c6 a2 49. c7 a1=Q+ 50. Kd6 Qa6+ 51. Kd7 Qe6+ 0-1

[Event "BPB Limburg open C"]
[Site "Maastricht"]
[Date "2014.06.09"]
[Round "7"]
[White "Raats, Joppe"]
[Black "Mitran, Ovi"]
[Result "1-0"]
[WhiteElo "1150"]
[BlackElo "1612"]
[PlyCount "117"]
[EventDate "2014.06.06"]
[EventType "swiss"]
[EventRounds "7"]
[EventCountry "NED"]
[Source "P.Boonen"]
[SourceDate "2014.10.10"]

1. e4 c5 2. Nf3 e6 3. Qe2 Nc6 4. a3 g6 5. Nc3 Bg7 6. g3 Nge7 7. Bg2 O-O 8. d3
d5 9. exd5 exd5 10. Bg5 f6 11. Bf4 Bg4 12. h3 Nd4 13. Qd1 Nxf3+ 14. Bxf3 Bxf3
15. Qxf3 d4 16. Ne4 Nd5 17. O-O Nxf4 18. Qxf4 b6 19. Rfe1 Rc8 20. b3 Rc7 21.
Re2 b5 22. Qd6 Qc8 23. Nd2 Rff7 24. Kh2 Bf8 25. Qd5 h5 26. a4 b4 27. Nc4 Rcd7
28. Qe6 Kg7 29. Qe8 Qc7 30. Qa8 h4 31. Qg2 f5 32. Ne5 Rfe7 33. Rae1 Rd8 34. Nf3
hxg3+ 35. Qxg3 Qxg3+ 36. fxg3 Kf6 37. Kg2 Rde8 38. Rxe7 Rxe7 39. Rxe7 Bxe7 40.
Nd2 Bd6 41. Nc4 Bc7 42. Kf3 g5 43. g4 Bf4 44. a5 fxg4+ 45. hxg4 a6 46. Ke4 Ke6
47. Nb2 Bc7 48. Na4 Kd6 49. Nb6 Bd8 50. Kf5 Kc6 51. Nc4 Kd5 52. Nd2 Bxa5 53.
Kxg5 Ke6 54. Kh6 Bc7 55. Ne4 Kd5 56. g5 Bf4 57. Kh7 Ke6 58. g6 Be5 59. Nxc5+
1-0

[Event "BPB Limburg open C"]
[Site "Maastricht"]
[Date "2014.06.09"]
[Round "7"]
[White "Reichardt, Robin"]
[Black "Mollema, Henk"]
[Result "1-0"]
[WhiteElo "1562"]
[BlackElo "1568"]
[PlyCount "53"]
[EventDate "2014.06.06"]
[EventType "swiss"]
[EventRounds "7"]
[EventCountry "NED"]
[Source "P.Boonen"]
[SourceDate "2014.10.10"]

1. d4 f5 2. c4 g6 3. Nf3 Nf6 4. Nc3 Bg7 5. g3 O-O 6. Bg2 d6 7. O-O Qe8 8. Qb3
Kh8 9. Bd2 e5 10. Nb5 Na6 11. dxe5 dxe5 12. Bb4 Rf7 13. Rfd1 c6 14. Nd6 Qg8 15.
Nxf7+ Qxf7 16. Rd8+ Ne8 17. Ng5 Qg8 18. c5 Be6 19. Nxe6 Rxd8 20. Nxd8 Qxb3 21.
axb3 Nxb4 22. Rxa7 e4 23. Rxb7 Nc2 24. Nxc6 Kg8 25. Nb4 Nxb4 26. Rxb4 Bxb2 27.
f3 1-0

[Event "BPB Limburg open C"]
[Site "Maastricht"]
[Date "2014.06.09"]
[Round "7"]
[White "Reyskens, Jules"]
[Black "Bauchmueller, Heinrich"]
[Result "0-1"]
[WhiteElo "1719"]
[BlackElo "1348"]
[PlyCount "66"]
[EventDate "2014.06.06"]
[EventType "swiss"]
[EventRounds "7"]
[EventCountry "NED"]
[Source "P.Boonen"]
[SourceDate "2014.10.10"]

1. e4 c5 2. Nf3 Nc6 3. d4 cxd4 4. Nxd4 g6 5. Nc3 Bg7 6. Nxc6 bxc6 7. g3 Rb8 8.
Bg2 Ba6 9. Bf1 Bxf1 10. Rxf1 Bxc3+ 11. bxc3 Nf6 12. f3 Qa5 13. Bd2 O-O 14. Kf2
Rfd8 15. Kg2 Qc7 16. Bf4 d6 17. Qd3 Qa5 18. a4 Rb7 19. Bd2 Nd7 20. c4 Qc7 21.
Bc3 d5 22. exd5 cxd5 23. Qd4 Nf6 24. c5 Qc6 25. Rab1 Rc7 26. Rb5 Re8 27. Re1
Rd7 28. g4 e5 29. Rxe5 Rxe5 30. Qxe5 d4 31. Bxd4 Rxd4 32. Qxd4 Qe6 33. Rb8+ Kg7
{.....} 0-1

[Event "BPB Limburg open C"]
[Site "Maastricht"]
[Date "2014.06.09"]
[Round "7"]
[White "Schelleman, Niels"]
[Black "Havenith, Michael"]
[Result "1-0"]
[WhiteElo "1521"]
[BlackElo "1615"]
[PlyCount "55"]
[EventDate "2014.06.06"]
[EventType "swiss"]
[EventRounds "7"]
[EventCountry "NED"]
[Source "P.Boonen"]
[SourceDate "2014.10.10"]

1. e4 c6 2. d4 d5 3. e5 Bf5 4. Nf3 e6 5. Be2 Nd7 6. O-O Ne7 7. Be3 c5 8. c3 Nc6
9. Nbd2 Be7 10. Bb5 c4 11. Ba4 O-O 12. Re1 a6 13. h3 b5 14. Bc2 Bxc2 15. Qxc2
b4 16. Rab1 a5 17. Qa4 Qc7 18. Qc2 a4 19. Ng5 Bxg5 20. Bxg5 b3 21. axb3 axb3
22. Qc1 Nb6 23. Nf3 Ne7 24. Qf4 Ng6 25. Qg4 Rfe8 26. Nh4 Nxh4 27. Bxh4 Nc8 28.
Bf6 1-0

[Event "BPB Limburg open C"]
[Site "Maastricht"]
[Date "2014.06.09"]
[Round "7"]
[White "Schloesser, Matthias"]
[Black "Olmoz Sanz, Francisco"]
[Result "0-1"]
[WhiteElo "1583"]
[BlackElo "1655"]
[PlyCount "54"]
[EventDate "2014.06.06"]
[EventType "swiss"]
[EventRounds "7"]
[EventCountry "NED"]
[Source "P.Boonen"]
[SourceDate "2014.10.10"]

1. e4 c5 2. b3 Nc6 3. Bb2 d6 4. Bb5 Bd7 5. f4 e6 6. Nf3 Nf6 7. Nc3 Be7 8. Bxc6
Bxc6 9. Qe2 O-O 10. O-O a6 11. e5 Ne8 12. d3 b5 13. exd6 Nxd6 14. Ne5 Bb7 15.
Ne4 Nf5 16. Nf3 Qb6 17. c4 Rad8 18. Rad1 Rd7 19. Ne5 Rdd8 20. Nf3 Qc6 21. Ne5
Qc8 22. Qf3 f6 23. Ng4 Nd4 24. Bxd4 Rxd4 25. f5 exf5 26. Qxf5 Qxf5 27. Nexf6+
Qxf6 0-1

[Event "BPB Limburg open C"]
[Site "Maastricht"]
[Date "2014.06.09"]
[Round "7"]
[White "Schulte, Philipp"]
[Black "Callebaut, Katia"]
[Result "1-0"]
[WhiteElo "1417"]
[BlackElo "1236"]
[PlyCount "47"]
[EventDate "2014.06.06"]
[EventType "swiss"]
[EventRounds "7"]
[EventCountry "NED"]
[Source "P.Boonen"]
[SourceDate "2014.10.10"]

1. d4 d5 2. c4 e6 3. Nf3 dxc4 4. e4 e5 5. Bxc4 Be6 6. Bxe6 fxe6 7. Nxe5 Bb4+ 8.
Nc3 Qe7 9. Qh5+ Kf8 10. Ng6+ hxg6 11. Qxh8 Kf7 12. Qh3 Nc6 13. Be3 Rd8 14. Rd1
a6 15. O-O Bd6 16. Qf3+ Ke8 17. Rfe1 e5 18. d5 Nb8 19. Qg4 Qf7 20. Bg5 Nf6 21.
Qh4 Bc5 22. Rd3 Ng4 23. Qh8+ Kd7 24. Qxd8# 1-0

[Event "BPB Limburg open C"]
[Site "Maastricht"]
[Date "2014.06.09"]
[Round "7"]
[White "Seip, Theo"]
[Black "Janssen, Fynn"]
[Result "1/2-1/2"]
[WhiteElo "1530"]
[BlackElo "1335"]
[PlyCount "26"]
[EventDate "2014.06.06"]
[EventType "swiss"]
[EventRounds "7"]
[EventCountry "NED"]
[Source "P.Boonen"]
[SourceDate "2014.10.10"]

1. Nf3 Nc6 2. g3 e5 3. d3 f5 4. Bg2 d6 5. e4 Nf6 6. Nc3 Be7 7. Bg5 O-O 8. Qd2
Be6 9. O-O-O fxe4 10. dxe4 Bg4 11. h3 Bh5 12. g4 Nxg4 13. Bxe7 Qxe7 1/2-1/2

[Event "BPB Limburg open C"]
[Site "Maastricht"]
[Date "2014.06.09"]
[Round "7"]
[White "Slangen Knuit, Dien"]
[Black "Koolen, Tom"]
[Result "1-0"]
[WhiteElo "1073"]
[BlackElo "1000"]
[PlyCount "79"]
[EventDate "2014.06.06"]
[EventType "swiss"]
[EventRounds "7"]
[EventCountry "NED"]
[Source "P.Boonen"]
[SourceDate "2014.10.10"]

1. d4 d5 2. e3 Nc6 3. c4 Bf5 4. Nc3 Nb4 5. Qa4+ Nc6 6. a3 e6 7. Nf3 f6 8. cxd5
exd5 9. Be2 Qd7 10. O-O O-O-O 11. Qb3 Na5 12. Qd1 c6 13. b4 Nc4 14. Qa4 a6 15.
Rb1 Bxb1 16. Nxb1 Qf5 17. Nc3 Ne7 18. Rd1 Ng6 19. e4 dxe4 20. Nd2 Nxd2 21. Bxd2
Rxd4 22. Bxa6 Qd7 23. Nxe4 Rxe4 24. Bf1 Bd6 25. Qa8+ Bb8 26. b5 Ne5 27. g3 Re8
28. f4 Qd4+ 29. Kh1 Nf3 30. Bh3+ R4e6 31. bxc6 R8e7 32. cxb7+ Rxb7 33. Bxe6+
Rd7 34. Qa6+ Kd8 35. Ba5+ Bc7 36. Rxd4 Rxd4 37. Bxc7+ Ke7 38. Qe2 Rd2 39. Qxf3
Kxe6 40. Qe3+ 1-0